000 00430nam a2200157Ia 4500
008 210716s2010 xx 000 0 und d
020 _a9780071074049
041 _aeng
082 _a174.9371 MENM
100 _aMendonca, Manuel; Kanungo, Rabindra N.
245 _aEthical leadership.
250 _a1
260 _aNew Delhi
_bTata McGraw Hill Education Private Limited
_c2010
300 _axi,156
650 _aBusiness Ethics
999 _c207190
_d207190